Η κύρωση της συνθήκης για ένα Σύνταγμα της Ευρώπης απο τη Βουλή των Ελλήνων

Saved in:
Bibliographic Details
Corporate Author: Υπουργείο Εθνικής Παιδείας και Θρησκευμάτων
Other Authors: Παπάζογλου, Μάνος Γ. (edt [Επιμελητής])
Format: Book
Language:Greek
Published: Αθήνα : Υπουργείο Εθνικής Παιδείας και Θρησκευμάτων, 2005.
Subjects:
Tags: Add Tag
No Tags, Be the first to tag this record!

MARC

LEADER 00000cam a2200000 i 4500
001 1/11244
008 101208s2005 gr ||| | gre||
035 |l 10109339 
040 |a GR-MyUA  |b gre  |e AACR2 
041 0 |a gre 
082 0 |a 342.4   |2 (22) 
110 2 |a Υπουργείο Εθνικής Παιδείας και Θρησκευμάτων. 
245 1 2 |a Η κύρωση της συνθήκης για ένα Σύνταγμα της Ευρώπης απο τη Βουλή των Ελλήνων /   |c Υπουργείο Εθνικής Παιδείας και Θρησκευμάτων ; [επιστημονική επιμέλεια: Μάνος Γ. Παπάζογλου].  
260 |a Αθήνα :   |b Υπουργείο Εθνικής Παιδείας και Θρησκευμάτων,   |c 2005.  
300 |a 494 σ. ;   |c 24 εκ.  
505 0 |a Περιλαμβάνονται: πρόλογος του Προέδρου της Ελληνικής Δημοκρατίας Κ. Παπούλια. Εισηγήσεις του Πρωθυπουργού της Ελλάδος Κ. Καραμανλή, της Προέδρου της Βουλής, των αρχηγών των κομμάτων της αντιπολίτευσης, μελών της κυβερνήσεως Βουλευτών απο όλες τις κοινοβουλευτικές ομάδες. Το πλήρες κείμενο της Ευρωπαικής Συνταγματικής Συνθήκης.  
650 0 0 |a Constitutional law  |z European Union countries. 
650 0 0 |a Constitutions  |z European Union countries. 
700 1 |a Παπάζογλου, Μάνος Γ.  |e edt [Επιμελητής] 
852 |a INST  |b SAMOS  |e 20101208  |h 342.4 ΥΠΟ  |p 005300033151  |q 005300033151  |t BK  |y 0 
901 |a BIBL3-2010-3 
909 |a Σ  |b 166193 
970 |a ΓΟΥΒΑΛΑ  |b ΒΑΣΩ  |z 2010/12/08